Show by Role Replacement Quiz Stats

 Plays Quiz Updated Mar 29, 2015

Score 0/18 Timer 04:00
2 Plays Today
% Correct
Seinfeld
76%
Bewitched
74.8%
Roseanne
68.4%
Cagney & Lacey
63.7%
Dallas
62.3%
The Brady Bunch
60.3%
Game of Thrones
57.3%
Bewitched
56.5%
The A-Team
52.8%
% Correct
The Fresh Prince of Bel-Air
49.2%
That '70s Show
47.4%
Pretty Little Liars
43.8%
The Munsters
43.4%
Adventures of Superman
43.4%
Arrested Development
39.5%
The Jeffersons
38.2%
The Partridge Family
38.1%
Diff'rent Strokes
35.9%

You're not logged in!

Compare scores with friends on all Sporcle quizzes.
OR
Log In

Show Comments

Extras

Top Quizzes Today


Score Distribution

Your Account Isn't Verified!

In order to create a playlist on Sporcle, you need to verify the email address you used during registration. Go to your Sporcle Settings to finish the process.

Report this User

Report this user for behavior that violates our Community Guidelines.

Details: